000 00272nam a2200097Ia 4500
001 1250496
005 20251031150857.0
008 251031s9999 xx 000 0 und d
245 0 _cHALLAC-I MANSUR
_aG-5 CEHENNEM ACI ÇEKTİĞİMİZ YER DEĞİL
260 _bDESTEK YAYINLARI
999 _c1250496
_d1250496